000 01563pam a2200349 a 4500
999 _c130275
_d130275
001 3434900
003 ARRUPE
005 20200203103558.0
008 911218s1992 ctu b 101 0 eng
010 _a 91047066
020 _a1565490088 (alk. paper)
020 _a156549007X (pbk. : alk. paper)
040 _aDLC
_cDLC
_dDLC
043 _af------
050 0 0 _aJQ1875.A1
_bE54 1992
082 0 0 _a351.007/2/096
_220
245 0 0 _aEnhancing policy management capacity in Africa /
_ceditors, Gelase Mutahaba, M. Jide Balogun.
250 _a1st ed.
260 _aWest Hartford, Conn., USA :
_bKumarian Press,
_c1992.
300 _axi, 194 p. ;
_c24 cm.
440 0 _aKumarian Press library of management for development.
_pNew directions in development management
_949296
500 _a"Selected papers presented at a series of seminars jointly organized by the African Association for Public Administration and Management (AAPAM) and the United Nations Economic Commission for Africa (UNECA) between June 1988 and September 1989"--P. ix.
504 _aIncludes bibliographical references and index.
650 0 _aPolitical planning
_zAfrica.
_948556
650 0 _aPolicy sciences.
_94654
650 0 _aPublic administration
_xStudy and teaching
_zAfrica.
_949297
700 1 _aMutahaba, G. R.
_q(Gelase R.)
_949298
700 1 _aBalogun, M. J.
_949299
906 _a7
_bcbc
_corignew
_d1
_eocip
_f19
_gy-gencatlg
942 _2lcc
_cMONOGRAPH